000 00920nam a22002657a 4500
005 20140505113513.0
010 _aENG-109665
020 _c550.00
_a9781259026751
020 _c550.00
_a1259026752
035 _aEN-93198
037 _bDBAD/PUB
082 _a150.287
100 _aCohen, Ronald Jay
245 0 0 _aPsychological testing and assessment :
_cby Ronald Jay Cohen, Mark E. Swerklik [and] Medha M. Kumthekar
_ban introduction to tests and measurement /
250 _a7th ed
260 _aNew Delhi
_bMcGraw Hill Education
_c2014
270 _aP-24, Green Park Extn.
_bNew Delhi
_e110016
300 _axxv,713p. :
_c25cm(pbk)
_bill.
500 _aIncludes bibliographical references and index
650 _aPsychological tests
_vTextbooks.
650 _aPsychometrics
_vTextbooks.
700 _aSwerklik, Mark E.
700 _aKumthekar, Medha M.
942 _2ddc
_cEN
_mCOH
_h150.287
999 _c83309
_d83309